000 00245nam a2200109 a 4500
005 20201002045020.0
008 140507s1991 000 spa d
020 _a8479690194
245 0 _aCuentos.
260 _a[s.l.],
_c1991.
999 _c43356
_d43356
040 _aDO-SdBNP